Normal view
MARC view
Entry Personal Name
001 - CONTROL NUMBER
- control field: 77496
003 - CONTROL NUMBER IDENTIFIER
- control field: MY-SjTCS
005 - DATE AND TIME OF LATEST TRANSACTION
- control field: 20191205135356.0
008 - FIXED-LENGTH DATA ELEMENTS
- fixed length control field: 180312nn a|a||abb| a a|a d
039 #9 -
- : 201803121132
- : shuhada
- : 201803121131
- : shuhada
040 ## - CATALOGING SOURCE
- Original cataloging agency: VRT
- Transcribing agency: VRT
100 1# - HEADING--PERSONAL NAME
- Personal name: Sparano, Vin T.
670 ## - SOURCE DATA FOUND
- Source citation: Complete guide to boating and seamanship /:
- Information found: t.p. (Vin T. Sparano.)
999 ## -
- : VIRTUA4 x
999 ## -
- : VTLSSORT0080*0400*1000*6700*9991